Stato Patrimoniale - Bilancio - Statistics

Statistiche generali
  • Questo quiz è stato fatto 11 volte
  • Il punteggio medio è 19 su 106
Statistiche sulle risposte
Indice Risposta % Corretto
B) Immobilizzazioni
100%
I - Immobilizzazioni immateriali
75%
II - Immobilizzazioni materiali
75%
III - Immobilizzazioni finanziarie
63%
1) costi di impianto e di ampliamento
50%
A) Crediti verso soci per versamenti ancora dovuti
50%
1) terreni e fabbricati
50%
4) altri beni
38%
3) altri titoli
38%
C) Attivo circolante
38%
2) costi di sviluppo
38%
2) crediti
38%
II - Crediti
38%
D) Debiti
38%
2) impianti e macchinario
38%
b) imprese collegate
38%
a) imprese controllate
38%
1) partecipazioni in
38%
A) Patrimonio netto
38%
4) prodotti finiti e merci
38%
I - Rimanenze
38%
5) acconti
25%
7) altre
25%
d-bis) altre imprese
25%
III - Attività finanziarie che non costituiscono immobilizzazioni
25%
3) attrezzature industriali e commerciali
25%
5) avviamento
25%
5-bis) crediti tributari
25%
B) Fondi per rischi e oneri
25%
6) immobilizzazioni in corso e acconti
25%
5) immobilizzazioni in corso e acconti
25%
5-ter) imposte anticipate
25%
3) lavori in corso su ordinazione
25%
1) materie prime, sussidiarie e di consumo
25%
1) obbligazioni
25%
2) prodotti in corso di lavorazione e semilavorati
25%
D) Ratei e risconti
25%
E) Ratei e risconti
25%
4) strumenti finanziari derivati attivi
25%
C) Trattamento di fine rapporto di lavoro subordinato
25%
d-bis) verso altri
25%
5-quater) verso altri
25%
1) verso clienti
25%
c) verso controllanti
25%
b) verso imprese collegate
25%
3) verso imprese collegate
25%
a) verso imprese controllate
25%
2) verso imprese controllate
25%
d) verso imprese sottoposte al controllo delle controllanti
25%
5) verso imprese sottoposte al controllo delle controllanti
25%
6) acconti
13%
I - Capitale
13%
4) concessioni, licenze, marchi e diritti simili
13%
4) debiti verso banche
13%
3) diritti di brevetto industriale e diritti di utilizzazione delle opere dell'ingegno
13%
IV - Disponibilità liquide
13%
1) partecipazioni in imprese controllate
13%
Totale
13%
Totale
13%
Totale
13%
4) verso controllanti
13%
4) altre partecipazioni
0%
VI - Altre riserve
0%
4) altri
0%
14) altri debiti
0%
6) altri titoli
0%
2) assegni
0%
8) debiti rappresentati da titoli di credito
0%
12) debiti tributari
0%
5) debiti verso altri finanziatori
0%
11) debiti verso controllanti
0%
7) debiti verso fornitori
0%
10) debiti verso imprese collegate
0%
9) debiti verso imprese controllate
0%
11-bis) debiti verso imprese sottoposte al controllo delle controllanti
0%
13) debiti verso Istituti di previdenza e sicurezza sociale
0%
3) debiti verso soci per finanziamenti
0%
3) denaro e valori in cassa
0%
1) depositi bancari e postali
0%
c) imprese colleganti
0%
d) imprese sosttoposte al controllo delle controllanti
0%
2) obbligazioni convertibili
0%
2) partecipazioni in imprese collegate
0%
3) partecipazioni in imprese controllanti
0%
3-bis) partecipazioni in imprese sottoposte al controllo delle controllanti
0%
2) per imposte, anche differite
0%
1) per trattamento di quiescenza e obblighi simili
0%
II - Riserva da sovrapprezzo delle azioni
0%
IV - Riserva legale
0%
X - Riserva negativa per azioni proprie in portafoglio
0%
VII - Riserva per operazioni di copertura dei flussi finanziari attesi
0%
III - Riserve di rivalutazione
0%
V - Riserve statutarie
0%
5) strumenti finanziari derivati attivi
0%
3) strumenti finanziari derivati passivi
0%
Totale
0%
Totale
0%
Totale
0%
Totale
0%
TOTALE ATTIVO CIRCOLANTE (C)
0%
TOTALE DEBITI (D)
0%
TOTALE FONDI PER RISCHI E ONERI (B)
0%
TOTALE IMMOBILIZZAZIONI (B)
0%
TOTALE PATRIMONIO NETTO (A)
0%
IX - Utile (perdita) dell'esercizio
0%
VIII - Utili (perdite) portati a nuovo
0%
Nessun quiz corrispondente trovato
Distribuzione punteggi
Percentuale di utenti per punteggio
Percentile per numero di risposta
I tuoi punteggi nel tempo
Non hai fatto questo quiz